000 00374 a2200145 4500
005 20250527140150.0
020 _a81-203-1609-6
082 _a658.8 KOT
100 _aKOTLER, P.
245 _aMarketing Management.
250 _a10th Ed
260 _aNew Delhi,
_bPrentice-Hall,
_c2001.
300 _axxxi, 850p.: ill.; figure, picture, table
_bIndex
_c26cm.
942 _2ddc
_cBKS
999 _c2746
_d2746